00438nam a22001337a 4500020001600000082000800016100002000024245007800044260003600122300002500158650003200183700003200215856005700247 qHard Cover. a004 aSattar, Kashif. aSimultaneous Escape Routing SER with Application to PCB /cKashif Sattar. aIslamabad:bSEECS -NUST,c2017. a144 p.: ill.;c35cm. aPhD-Information Technology  aSupervisor:Dr. Anjum Naveed uhttp://10.250.8.41:8080/xmlui/handle/123456789/25929